<?xml version="1.0" encoding="UTF-8"?>
<record
    xmlns:xsi="http://www.w3.org/2001/XMLSchema-instance"
    xsi:schemaLocation="http://www.loc.gov/MARC21/slim http://www.loc.gov/standards/marcxml/schema/MARC21slim.xsd"
    xmlns="http://www.loc.gov/MARC21/slim">

  <leader>00590nam a2200169Ia 4500</leader>
  <controlfield tag="003">OSt</controlfield>
  <controlfield tag="005">20250610123826.0</controlfield>
  <controlfield tag="008">250610s9999    xx            000 0 und d</controlfield>
  <datafield tag="040" ind1=" " ind2=" ">
    <subfield code="c">AACR2</subfield>
  </datafield>
  <datafield tag="082" ind1=" " ind2=" ">
    <subfield code="a">297.09 RIZ</subfield>
  </datafield>
  <datafield tag="100" ind1=" " ind2=" ">
    <subfield code="a">Rizvi, Syed Ali Akbar</subfield>
  </datafield>
  <datafield tag="245" ind1=" " ind2="0">
    <subfield code="a">Tareekh-e-Islam Ka Safar (Hissa Awwal): Hazrat Adam A.S. Se Hazrat Khatim S.A.W. 
 (&#x62A;&#x627;&#x631;&#x6CC;&#x62E;&#x650; &#x627;&#x633;&#x644;&#x627;&#x645; &#x6A9;&#x627; &#x633;&#x641;&#x631; (&#x62D;&#x635;&#x6C1; &#x627;&#x648;&#x651;&#x644;): &#x62D;&#x636;&#x631;&#x62A; &#x622;&#x62F;&#x645; &#x639;&#x644;&#x6CC;&#x6C1; &#x627;&#x644;&#x633;&#x644;&#x627;&#x645;  &#x633;&#x6D2; &#x62D;&#x636;&#x631;&#x62A; &#x645;&#x62D;&#x645;&#x62F; &#xFDFA; &#x62A;&#x6A9;)
</subfield>
  </datafield>
  <datafield tag="260" ind1=" " ind2=" ">
    <subfield code="a">Karachi:</subfield>
    <subfield code="b">Welcome Book Board,</subfield>
    <subfield code="c">2003</subfield>
  </datafield>
  <datafield tag="300" ind1=" " ind2=" ">
    <subfield code="a">669p.</subfield>
  </datafield>
  <datafield tag="600" ind1=" " ind2=" ">
    <subfield code="a">Islam</subfield>
  </datafield>
  <datafield tag="942" ind1=" " ind2=" ">
    <subfield code="c">GB</subfield>
    <subfield code="2">ddc</subfield>
  </datafield>
  <datafield tag="952" ind1=" " ind2=" ">
    <subfield code="0">0</subfield>
    <subfield code="1">0</subfield>
    <subfield code="4">0</subfield>
    <subfield code="7">0</subfield>
    <subfield code="a">UITU</subfield>
    <subfield code="b">UITU</subfield>
    <subfield code="c">GIF</subfield>
    <subfield code="d">2025-06-10</subfield>
    <subfield code="e">Gifted by Anonymous</subfield>
    <subfield code="l">0</subfield>
    <subfield code="o">297.09 RIZ</subfield>
    <subfield code="p">G247</subfield>
    <subfield code="r">2025-06-10 11:20:38</subfield>
    <subfield code="w">2025-06-10</subfield>
    <subfield code="y">GB</subfield>
    <subfield code="z">Gifted by Anonymous</subfield>
  </datafield>
  <datafield tag="999" ind1=" " ind2=" ">
    <subfield code="c">31414</subfield>
    <subfield code="d">31414</subfield>
  </datafield>
</record>
